[Event "AUTO-INT-1372"]
[Site "http://www.queenalice.com/game.php?id=616806"]
[Date "2009.7.11"]
[Round "1"]
[White "JAmaro"]
[Black "Kike"]
[Result "1-0"]
[WhiteElo "1826"]
[BlackElo "1348"]

1. d4 d5 2. Nc3 Nf6 3. b3 Be6 4. Nf3 Nc6 5. h3 Qd6 6. Nb5 Qb4+ 7. Nc3 Qxc3+ 8.
Bd2 Qb2 9. a3 Bf5 10. Qc1 Qxc1+ 11. Rxc1 O-O-O 12. Ng5 h6 13. Nxf7 Rg8 14. Nxd8
Kxd8 15. g4 Be6 16. f3 Nxd4 17. Bc3 Nb5 18. Bb2 d4 19. e3 Bd7 20. exd4 e6 21.
Rh2 Bd6 22. Re2 1-0

[Event "AUTO-INT-1372"]
[Site "http://www.queenalice.com/game.php?id=616807"]
[Date "2009.7.11"]
[Round "1"]
[White "Kike"]
[Black "JAmaro"]
[Result "0-1"]
[WhiteElo "1352"]
[BlackElo "1858"]

1. d4 d5 2. e3 Nf6 3. Nc3 g6 4. Bd3 a6 5. Bd2 Nc6 6. Nf3 h6 7. Qe2 Nb4 8. O-O g5
9. a3 Nxd3 10. cxd3 g4 11. Ne5 h5 12. b4 h4 13. e4 h3 14. g3 dxe4 15. dxe4 Qxd4
16. Nf3 gxf3 17. Rac1 fxe2 18. Rfe1 Qxd2 19. e5 Qd3 20. exf6 Qf3 21. Rxe2 Qg2#
0-1

[Event "AUTO-INT-1372"]
[Site "http://www.queenalice.com/game.php?id=616822"]
[Date "2009.7.11"]
[Round "1"]
[White "roliveira2009"]
[Black "Kike"]
[Result "1-0"]
[WhiteElo "1367"]
[BlackElo "1385"]

1. e4 e5 2. Bc4 Qf6 3. Nc3 d6 4. Nd5 Qg6 5. Nxc7+ Kd8 6. Nxa8 Be7 7. d3 Qxg2 8.
Qf3 Qg6 9. Nh3 Bg4 10. Qe3 Bxh3 11. Qxh3 Nd7 12. Bb5 Ngf6 13. Bd2 Ke8 14. O-O-O
Bd8 15. Rhg1 Qh6 16. Bxh6 gxh6 17. Qxh6 Ng8 18. Qg7 Bf6 19. Qg4 Ne7 20. Qxd7+
Kf8 21. Qe8# 1-0

[Event "AUTO-INT-1372"]
[Site "http://www.queenalice.com/game.php?id=616823"]
[Date "2009.7.11"]
[Round "1"]
[White "Kike"]
[Black "roliveira2009"]
[Result "0-1"]
[WhiteElo "1385"]
[BlackElo "1471"]

1. d4 e6 2. Nf3 d5 3. Nc3 Bb4 4. Bd2 Nf6 5. e3 O-O 6. Bd3 Ng4 7. Qe2 Nc6 8. O-O
Qf6 9. a3 Bd6 10. g3 Re8 11. b4 a5 12. b5 Nb8 13. a4 Qh6 14. e4 g5 15. h3 Qxh3
16. Rfb1 e5 17. dxe5 Nxe5 18. Nh2 Bg4 19. f3 Qxg3+ 20. Qg2 Bc5+ 21. Kf1 Bh3 22.
Qxh3 Qxh3+ 23. Ke2 Qxh2+ 24. Kf1 Qf2# 0-1

[Event "Challenge"]
[Site "http://www.queenalice.com/game.php?id=617621"]
[Date "2009.7.12"]
[Round "-"]
[White "Kike"]
[Black "BrooklynBenjamin"]
[Result "0-1"]
[WhiteElo "1356"]
[BlackElo "1374"]

1. d4 d5 2. Nc3 Nf6 3. e3 e6 4. Bd3 b6 5. Bd2 c5 6. Nge2 g6 7. O-O Bg7 8. b3 O-O
9. a4 Nc6 10. Bb5 Nb4 11. e4 dxe4 12. Nxe4 Nxe4 13. Bxb4 cxb4 14. Qd3 Bb7 15. c4
bxc3 16. Rac1 a6 17. Nxc3 Ng5 18. Bc4 Bxd4 19. b4 h5 20. Ne2 Bg7 21. Qxd8 Rfxd8
22. g3 Nf3+ 23. Kg2 Nd2+ 24. Kg1 Nxf1 25. Kxf1 Rac8 26. f4 Rd2 27. Kf2 Rcd8 28.
Ke3 e5 29. fxe5 Bxe5 30. a5 b5 31. Bxf7+ Kxf7 32. Rc5 R8d3+ 33. Kf2 Bd4+ 34. Ke1
Rd1# 0-1

[Event "Challenge"]
[Site "http://www.queenalice.com/game.php?id=618254"]
[Date "2009.7.13"]
[Round "-"]
[White "samuelrmgs"]
[Black "Kike"]
[Result "1-0"]
[WhiteElo "1394"]
[BlackElo "1308"]

1. e4 e5 2. Qh5 Qf6 3. Nf3 d6 4. Bc4 Be6 5. d3 Nd7 6. Bg5 Qg6 7. Qh4 Be7 8. Nbd2
O-O-O 9. O-O Bxg5 10. Nxg5 h6 11. a4 Qxg5 12. Qxg5 f6 13. Qe3 Bxc4 14. Nxc4 g5
15. b3 Ne7 16. h3 f5 17. exf5 Nxf5 18. Qf3 c6 19. b4 d5 20. Na5 Rhf8 21. Nb3 Nh4
22. Qe2 Nf6 23. Qxe5 Nd7 24. Qe7 Rfe8 25. Qg7 Nf5 26. Qg6 Nh4 27. Qh5 Kc7 28.
Rad1 g4 29. Qxh4 g3 30. Qxg3+ Kc8 31. Qg6 Rg8 32. Qxh6 Rde8 33. Qh5 Re5 34. Qh7
Nf6 35. Qf7 Ree8 36. Qxf6 Kd7 37. Nc5+ Kc7 38. Qf4+ Kd8 39. Nxb7+ 1-0

[Event "Challenge"]
[Site "http://www.queenalice.com/game.php?id=618255"]
[Date "2009.7.13"]
[Round "-"]
[White "samuelrmgs"]
[Black "Kike"]
[Result "1-0"]
[WhiteElo "1380"]
[BlackElo "1322"]

1. e4 e5 2. Qh5 d6 3. Bc4 Qe7 4. Qxf7+ Qxf7 5. Bxf7+ Kd8 6. Nf3 Nf6 7. O-O Bd7
8. Ng5 Be7 9. h3 Nc6 10. d3 Be8 11. Nc3 Bd7 12. Be3 h6 13. Nf3 Be8 14. Be6 g5
15. Nh2 Bd7 16. Bf7 Rf8 17. Bg6 Be8 18. Bxe8 Rxe8 19. a3 b6 20. b4 d5 21. exd5
Nb8 22. Nd1 Nbd7 23. c3 c5 24. bxc5 Nxd5 25. Bc1 Bxc5 26. Kh1 Rf8 27. c4 Nf4 28.
g3 Nxh3 29. Rb1 Bxf2 30. Nxf2 Nxf2+ 31. Kg2 Ke7 32. Rb5 Nxd3 33. Be3 a6 34. Rb3
N7c5 35. Rxb6 h5 36. Bxg5+ Ke8 37. Bh6 Rf7 38. Be3 Ne4 39. Kh3 1-0

[Event "Challenge"]
[Site "http://www.queenalice.com/game.php?id=619595"]
[Date "2009.7.16"]
[Round "-"]
[White "PLQ"]
[Black "Kike"]
[Result "1-0"]
[WhiteElo "1264"]
[BlackElo "1341"]

1. e4 e5 2. Nf3 d6 3. d3 Nf6 4. Be2 Be6 5. O-O Be7 6. Ng5 Qd7 7. Nxe6 Qxe6 8.
Be3 O-O 9. Qd2 Nbd7 10. c4 a5 11. a4 b6 12. Nc3 c6 13. b3 d5 14. exd5 cxd5 15.
Nxd5 Nxd5 16. cxd5 Qxd5 17. Qc3 Nf6 18. Qc7 Bd6 19. Qxb6 Rac8 20. Bf3 Qe6 21.
Rac1 Rxc1 22. Rxc1 g6 23. Qxa5 Qxb3 24. Qa6 Qb2 25. Qxd6 Ne8 26. Qe7 Kg7 27. h3
h5 28. h4 Qb3 29. Qa7 Qxd3 30. a5 Nd6 31. Bc5 Nc8 32. Qc7 Qd2 33. Bxf8+ Kxf8 34.
Qxc8+ Ke7 35. Rc7+ Kd6 36. Rd7+ Ke6 37. Rxd2+ Kf6 38. Rd6+ Ke7 39. Rd5 f6 40. a6
f5 41. Rxe5+ Kd6 42. Rc5 f4 43. a7 g5 44. Rxg5 Ke7 45. a8=Q Kd6 46. Qaa6+ Ke7
47. Rg7# 1-0

[Event "Lilly"]
[Site "http://www.queenalice.com/game.php?id=627328"]
[Date "2009.7.30"]
[Round "-"]
[White "Tlaloc2k"]
[Black "Kike"]
[Result "1-0"]
[WhiteElo "1636"]
[BlackElo "1357"]

1. e4 e5 2. c4 Nc6 3. Nf3 d6 4. d3 f6 5. Be2 Be6 6. O-O Be7 7. Be3 Qd7 8. Nc3
O-O-O 9. Qa4 a6 10. Nd5 Bxd5 11. exd5 Na7 12. Qb3 f5 13. Bxa7 b6 14. a4 Kb7 15.
Bxb6 cxb6 16. a5 Qc7 17. axb6 Qxb6 18. Qxb6+ Kxb6 19. b4 g5 20. Ra5 Kc7 21. Rxa6
Nf6 22. Nxg5 h6 23. Ne6+ Kd7 24. Nxd8 Bxd8 25. b5 f4 26. Bf3 e4 27. dxe4 Rg8 28.
Ra7+ Bc7 29. b6 Rc8 30. bxc7 Ne8 31. Bg4+ Ke7 32. Bxc8 h5 33. Bh3 Nf6 34. c8=Q+
Nd7 35. Qxd7+ Kf6 36. Qf5# 1-0

[Event "Opal"]
[Site "http://www.queenalice.com/game.php?id=627329"]
[Date "2009.7.30"]
[Round "-"]
[White "Kike"]
[Black "Tlaloc2k"]
[Result "0-1"]
[WhiteElo "1324"]
[BlackElo "1663"]

1. d4 d5 2. Nc3 Nf6 3. Nf3 Nc6 4. e3 a6 5. Bd2 b5 6. Bd3 e6 7. O-O Bd6 8. b3 Bb4
9. a3 Bxc3 10. Bxc3 O-O 11. a4 b4 12. Bb2 Qd6 13. g3 Bd7 14. c3 Na5 15. Qc2 Ne4
16. Bxe4 dxe4 17. Qxe4 Nxb3 18. Rad1 Bc6 19. Qg4 Bxa4 20. c4 Na5 21. d5 e5 22.
Bxe5 Qg6 23. Qxg6 fxg6 24. d6 Nxc4 25. dxc7 Bxd1 26. Rxd1 Rxf3 27. Rd8+ Rxd8 28.
cxd8=Q+ Rf8 29. Qd5+ Rf7 30. Qxc4 a5 31. Qb5 h5 32. Qe8+ Rf8 33. Qe6+ Rf7 34.
Qxg6 a4 35. f4 b3 36. Qxh5 a3 37. Bd6 b2 38. Qd1 a2 39. Qh5 b1=Q+ 40. Kf2 a1=Q
41. g4 Qc2+ 42. Kf3 Qc6+ 43. e4 Qac3+ 44. Ke2 Q6c4+ 45. Kf2 Qa2+ 46. Kf1 Qc1#
0-1

[Event "QA-ANNIV-05"]
[Site "http://www.queenalice.com/game.php?id=654308"]
[Date "2009.9.18"]
[Round "2"]
[White "Kike"]
[Black "Viper_SB"]
[Result "0-1"]
[WhiteElo "1336"]
[BlackElo "1759"]

1. d4 d5 2. Nc3 c6 3. e3 g6 4. Nf3 Bg7 5. Bd3 Nf6 6. Bd2 O-O 7. O-O a6 8. a3 b5
9. b4 a5 10. Nb1 Bg4 11. e4 dxe4 12. Bxe4 Nxe4 13. Bf4 Bxf3 14. Qxf3 Qxd4 15. c3
Qd5 16. Ra2 Qxa2 17. Qxe4 axb4 18. cxb4 e5 19. Bxe5 Bxe5 20. Qxe5 Nd7 21. Qe7
Qd5 22. Nc3 Qe6 23. Qh4 Rxa3 24. Ne4 Rfa8 25. Ng5 Qf6 26. Qxh7+ Kf8 27. Ne4 Qg7
0-1

[Event "Challenge"]
[Site "http://www.queenalice.com/game.php?id=657916"]
[Date "2009.9.25"]
[Round "-"]
[White "Kike"]
[Black "thedead"]
[Result "0-1"]
[WhiteElo "1350"]
[BlackElo "1690"]

1. d4 d5 2. e3 e6 3. Bd3 Nf6 4. Nc3 c5 5. Nge2 Nc6 6. Bb5 Be7 7. O-O O-O 8. a4
Qb6 9. Bxc6 bxc6 10. b3 Nd7 11. a5 Qc7 12. b4 cxb4 13. Na4 Qxa5 14. Bd2 Qc7 15.
c3 bxc3 16. Bxc3 Ba6 17. Rb1 c5 18. dxc5 Nxc5 19. Nxc5 Bxc5 20. Rb3 Rfd8 21. g3
Rd7 22. Qa1 Bxe2 0-1

[Event "Challenge"]
[Site "http://www.queenalice.com/game.php?id=686423"]
[Date "2009.11.20"]
[Round "-"]
[White "lat47"]
[Black "Kike"]
[Result "1-0"]
[WhiteElo "1733"]
[BlackElo "1284"]

1. e3 d6 2. Qf3 e5 3. g4 Be6 4. h3 Be7 5. Qxb7 Nd7 6. Bb5 Nf6 7. Nc3 O-O 8. Bxd7
Bxd7 9. Qg2 c6 10. Nge2 a6 11. O-O Rb8 12. d4 e4 13. Nxe4 d5 14. Nxf6+ Bxf6 15.
Nf4 a5 16. a4 Qe7 17. b3 c5 18. Nxd5 Qd6 19. Nxf6+ Qxf6 20. g5 Qe7 21. h4 g6 22.
Ba3 Rb6 23. Bxc5 Qd8 24. Bxf8 1-0

[Event "Challenge"]
[Site "http://www.queenalice.com/game.php?id=687084"]
[Date "2009.11.22"]
[Round "-"]
[White "Kike"]
[Black "FENIX_RJ"]
[Result "0-1"]
[WhiteElo "1282"]
[BlackElo "1439"]

1. d4 Nf6 2. e3 Nc6 3. Nc3 e5 4. Nf3 e4 5. Ng5 Qe7 6. Bc4 d5 7. Bxd5 Be6 8. Bxe6
fxe6 9. Bd2 e5 10. Ngxe4 Qe6 11. dxe5 Ng4 12. Qe2 O-O-O 13. O-O-O Ncxe5 14. f3
Qc4 15. fxg4 Bb4 16. Qxc4 Nxc4 17. b3 Ba3+ 18. Kb1 Nb2 19. Bc1 Nxd1 0-1

[Event "Challenge"]
[Site "http://www.queenalice.com/game.php?id=738110"]
[Date "2010.2.26"]
[Round "-"]
[White "Kike"]
[Black "Ponce"]
[Result "0-1"]
[WhiteElo "1255"]
[BlackElo "1679"]

1. d4 d5 2. Nc3 Bf5 3. e3 e6 4. Nf3 Bd6 5. Bb5+ c6 6. Be2 Nd7 7. Bd2 Ngf6 8. O-O
O-O 9. b4 Bxb4 10. Rb1 Bxc3 11. Bxc3 b6 12. a3 Qe7 13. Bb4 c5 14. Bd2 cxd4 15.
Nxd4 Qxa3 16. Nb5 Qc5 17. Nd4 Qc7 18. Bb4 Rfe8 19. Nb5 Qc6 20. Qd4 Qxc2 21. Rbe1
e5 22. Qh4 Qe4 23. Qxe4 Nxe4 24. Nc7 Rac8 25. Nxe8 Rxe8 26. Bb5 a5 27. Rc1 axb4
28. Bxd7 Bxd7 29. Rc7 Bb5 30. Rb1 Ra8 31. Rbc1 Nc3 32. g3 Ne2+ 33. Kg2 Nc3 34.
h3 e4 35. h4 Be2 36. Re1 g5 37. hxg5 Bf3+ 38. Kh3 Kg7 39. g4 Ra2 0-1